Statistics for 5 Biggest Cities : Bolivia

Click here to take the quiz!

General Stats

  • This quiz has been taken 80 times
  • The average score is 4 of 5

Answer Stats

RankCity% Correct
3.La Paz
100%
4.Sucre
97%
1.Santa Cruz
80%
2.Cochabamba
58%
5.Oruro
23%

Score Distribution

Percentile by Number Answered

Percent of People with Each Score

Your Score History

You have not taken this quiz